000 00449 a2200121 4500
001 ART_50163
005 20260410162007.0
008 260409a
245 1 0 _aUn breve estudio de los patrimonios protectores de los herederos y las personas discapacitadas en España y Argentina
100 1 _aMorales Ferrer, Salvador
700 1 _aLencina, Marcelo A.
773 0 _tTemas de derecho civil
_g- Año 5, N° 11 (nov. 2019)
_wREV34778
999 _c31842
_d31842